Países más Cercanos a Rusia que no lo Limitan - Estadísticas

Estadísticas generales
  • Esta prueba ha sido intentada 3.687 veces
  • La puntuación promedio es 16 de 20
Estadísticas de respuestas
km País millas % Correcto
208 Suecia 129
92%
43 Japón 27
91%
455 Corea del Sur 283
88%
136 Turquía 84
85%
220 Rumania 137
83%
4 Estados Unidos 2
82%
110 Armenia 69
80%
357 Alemania 222
79%
212 Moldavia 132
79%
165 Irán 103
78%
360 Bulgaria 224
77%
548 Uzbekistán 340
76%
510 Irak 317
75%
323 Turkmenistán 200
75%
638 Hungría 397
74%
535 Eslovaquia 333
73%
478 República Checa 297
69%
601 Siria 373
66%
296 Dinamarca 184
65%
632 Grecia 393
63%
No se encontraron pruebas coincidentes
Distribución de puntuación
Porcentaje de gente con cada puntuación
Porcentaje por número respondido
Historial de tus puntuaciones
No has intentado esta prueba.